[Event "POL-chT 55th"]
[Site "Suwalki"]
[Date "1999.09.22"]
[Round "5"]
[White "Bus, Mariusz"]
[Black "Grycel, Kamil"]
[Result "1-0"]
[WhiteElo "2369"]
[BlackElo "2123"]
[PlyCount "79"]
[EventDate "1999.09.18"]
[EventType "team-tourn"]
[EventRounds "11"]
[EventCountry "POL"]
[SourceTitle "EXT 2019"]
[Source "ChessBase"]
[SourceDate "2018.10.10"]
[SourceVersion "1"]
[SourceVersionDate "2018.10.10"]
[SourceQuality "1"]
[WhiteTeam "Wroclaw Hetman"]
[BlackTeam "Suwalki Hancza"]
[WhiteTeamCountry "POL"]
[BlackTeamCountry "POL"]

1. e4 c6 2. d3 d5 3. Nd2 e5 4. g3 Nf6 5. Bg2 Nbd7 6. Ngf3 Bd6 7. 0-0 0-0 8. c3 Re8 9. Qc2 a5 10. b3 a4 11. b4 b5 12. a3 Bb7 13. c4 d4 14. c5 Bf8 15. h3 g6 16. Kh2 Bg7 17. Ng1 Nf8 18. f4 exf4 19. gxf4 Ne6 20. Ne2 Nh5 21. f5 Qc7+ 22. Kh1 gxf5 23. Rxf5 Nef4 24. Nf1 Be5 25. Bf3 Bc8 26. Rg5+ Ng7 27. Rxe5 Qxe5 28. Nxf4 Kh8 29. Qf2 Ne6 30. Qh4 Ng5 31. Ng6+ fxg6 32. Bxg5 Rf8 33. Bg2 Bd7 34. Nd2 Rf7 35. Nf3 Qe6 36. e5 Raf8 37. Bf6+ Rxf6 38. exf6 Rxf6 39. Re1 Qf7 40. Ng5 1-0

[Event "Nordre Efteraar"]
[Site "Aarhus"]
[Date "1998.10.15"]
[Round "6"]
[White "Pedersen, Daniel Vesterbaek"]
[Black "Bus, Mariusz"]
[Result "1-0"]
[WhiteElo "2260"]
[BlackElo "2370"]
[PlyCount "83"]
[EventDate "1998.10.??"]
[EventType "schev"]
[EventRounds "9"]
[EventCountry "DEN"]
[SourceTitle "EXT 2000"]
[Source "ChessBase"]
[SourceDate "1999.11.16"]
[SourceVersion "1"]
[SourceVersionDate "1999.11.16"]
[SourceQuality "1"]

1. d4 d6 2. Nf3 g6 3. g3 Bg7 4. Bg2 Nd7 5. 0-0 e5 6. c4 Ne7 7. Nc3 0-0 8. d5 h6 9. Rb1 f5 10. b4 g5 11. Qb3 Nf6 12. c5 Ng6 13. a4 f4 14. Nd2 h5 15. Nde4 Ne8 16. b5 b6 17. cxd6 cxd6 18. Ba3 Rf7 19. Na2 Bf5 20. Nb4 Bh6 21. Rbc1 h4 22. Nd3 Qd7 23. Rc4 Rd8 24. Bb4 Bh3 25. Qc2 Bxg2 26. Kxg2 hxg3 27. fxg3 Qg4 28. Ndf2 Qf5 29. g4 f3+ 30. Kg1 Qd7 31. Nxd6 Rf6 32. Nf5 Nf4 33. exf3 Bf8 34. Bxf8 Kxf8 35. Ne4 Qxd5 36. Nxf6 Nh3+ 37. Kg2 Nf4+ 38. Kg1 Qe6 39. Nxe8 Rxe8 40. Rc6 Qd7 41. Rf6+ Kg8 42. Qc4+ 1-0

[Event "Nordre Efteraar"]
[Site "Aarhus"]
[Date "1998.10.14"]
[Round "5"]
[White "Bus, Mariusz"]
[Black "Boe, Mads"]
[Result "1/2-1/2"]
[WhiteElo "2370"]
[BlackElo "2345"]
[PlyCount "59"]
[EventDate "1998.10.??"]
[EventType "schev"]
[EventRounds "9"]
[EventCountry "DEN"]
[SourceTitle "EXT 2000"]
[Source "ChessBase"]
[SourceDate "1999.11.16"]
[SourceVersion "1"]
[SourceVersionDate "1999.11.16"]
[SourceQuality "1"]

1. e4 c6 2. d4 d5 3. Nd2 dxe4 4. Nxe4 Bf5 5. Ng3 Bg6 6. Nf3 Nd7 7. Be2 Ngf6 8. 0-0 e6 9. b3 Bd6 10. Bb2 Qc7 11. c4 0-0 12. Nh4 Rad8 13. Nxg6 hxg6 14. Qc2 Rfe8 15. a3 e5 16. c5 Bf8 17. b4 exd4 18. Bxd4 Qf4 19. Rad1 Nd5 20. Bc4 Ne5 21. Bb3 Qh4 22. Bb2 Nf4 23. Bxe5 Rxe5 24. Rxd8 Qxd8 25. Qc4 Nd5 26. Qd4 Qf6 27. h3 Be7 28. Qg4 Re6 29. Rd1 a5 30. Ne4 1/2-1/2

[Event "Nordre Efteraar"]
[Site "Aarhus"]
[Date "1998.10.12"]
[Round "3"]
[White "Bus, Mariusz"]
[Black "Christensen, Jan"]
[Result "1-0"]
[WhiteElo "2370"]
[BlackElo "2225"]
[PlyCount "37"]
[EventDate "1998.10.??"]
[EventType "schev"]
[EventRounds "9"]
[EventCountry "DEN"]
[SourceTitle "EXT 2000"]
[Source "ChessBase"]
[SourceDate "1999.11.16"]
[SourceVersion "1"]
[SourceVersionDate "1999.11.16"]
[SourceQuality "1"]

1. e4 e5 2. Nf3 Nc6 3. Bc4 Bc5 4. c3 Nf6 5. d3 d6 6. Nbd2 a6 7. Bb3 Ba7 8. 0-0 0-0 9. h3 Ne7 10. Re1 Ng6 11. Nf1 Be6 12. Ng3 c6 13. d4 Qd7 14. Bg5 Ne8 15. dxe5 Bxh3 16. gxh3 Qxh3 17. Be3 dxe5 18. Ng5 Qh4 19. Nf5 1-0

[Event "POL-chT 2nd League South"]
[Site "Wisla"]
[Date "1998.??.??"]
[Round "?"]
[White "Bus, Mariusz"]
[Black "Dobrowolski, Piotr"]
[Result "1-0"]
[WhiteElo "2370"]
[BlackElo "2380"]
[PlyCount "120"]
[EventDate "1998.11.20"]
[EventType "team-swiss"]
[EventRounds "10"]
[EventCountry "POL"]
[SourceTitle "EXT 2000"]
[Source "ChessBase"]
[SourceDate "1999.11.16"]
[SourceVersion "1"]
[SourceVersionDate "1999.11.16"]
[SourceQuality "1"]

1. e4 g6 2. d4 Bg7 3. Nf3 d6 4. c3 Nf6 5. Bd3 0-0 6. 0-0 Nc6 7. Re1 e5 8. h3 h6 9. Be3 Nh5 10. Nbd2 Nf4 11. Bxf4 exf4 12. b4 g5 13. Nf1 a5 14. b5 Ne7 15. Bc2 c6 16. bxc6 bxc6 17. e5 d5 18. N1h2 Be6 19. Ng4 Re8 20. Nd2 Kf8 21. Nb3 Qc8 22. Nc5 Ra7 23. Rb1 Ng8 24. Rb6 Ne7 25. Qf3 Bf5 26. Bd3 Bxd3 27. Qxd3 Kg8 28. Reb1 h5 29. Nh2 g4 30. hxg4 hxg4 31. Qe2 g3 32. fxg3 fxg3 33. Ng4 Qf5 34. Qf3 Qg5 35. Qxg3 Nf5 36. Qf3 Nh4 37. Qe2 f5 38. Nh2 Bh6 39. Rb8 Rxb8 40. Rxb8+ Kh7 41. e6 Qg3 42. Rb7+ Rxb7 43. Nxb7 Be3+ 44. Kh1 Bf2 45. Qf1 Kg7 46. Nxa5 f4 47. e7 Kf7 48. Nxc6 Ke8 49. Ne5 Kxe7 50. Nhg4 Be3 51. Nxe3 Qxe3 52. Qd3 Qe1+ 53. Kh2 Nf5 54. Ng6+ Kf6 55. Nxf4 Qh4+ 56. Nh3 Nh6 57. Kg1 Ng4 58. Qe2 Kg7 59. Nf2 Nf6 60. a4 Qg5 1-0

[Event "BL2-Ost 9798"]
[Site "Germany"]
[Date "1998.??.??"]
[Round "5.2"]
[White "Bus, Mariusz"]
[Black "Schmidt, Wlodzimierz"]
[Result "1/2-1/2"]
[WhiteElo "2390"]
[BlackElo "2440"]
[PlyCount "35"]
[EventDate "1997.10.??"]
[EventType "team-tourn"]
[EventRounds "9"]
[EventCountry "GER"]
[SourceTitle "EXT 1999"]
[Source "ChessBase"]
[SourceDate "1998.11.16"]
[SourceVersion "1"]
[SourceVersionDate "1998.11.16"]
[SourceQuality "1"]
[WhiteTeam "Hof"]
[BlackTeam "Marktheidenfeld"]
[WhiteTeamCountry "GER"]
[BlackTeamCountry "GER"]

1. e4 e6 2. d4 d5 3. exd5 exd5 4. Nf3 Nc6 5. Bb5 Bd6 6. c4 dxc4 7. d5 a6 8. Ba4 b5 9. dxc6 bxa4 10. 0-0 Ne7 11. Qxa4 0-0 12. Nbd2 c3 13. bxc3 Qe8 14. Ne4 Qxc6 15. Qxc6 Nxc6 16. Nxd6 cxd6 17. Bf4 Rd8 18. Rfd1 1/2-1/2

[Event "POL-chT 2nd League South"]
[Site "Wisla"]
[Date "1998.??.??"]
[Round "?"]
[White "Koc, Przemyslaw"]
[Black "Bus, Mariusz"]
[Result "1/2-1/2"]
[WhiteElo "2330"]
[BlackElo "2370"]
[PlyCount "42"]
[EventDate "1998.11.20"]
[EventType "team-swiss"]
[EventRounds "10"]
[EventCountry "POL"]
[SourceTitle "EXT 2000"]
[Source "ChessBase"]
[SourceDate "1999.11.16"]
[SourceVersion "1"]
[SourceVersionDate "1999.11.16"]
[SourceQuality "1"]

1. e4 e6 2. e5 c5 3. Nf3 Nc6 4. Bb5 Qc7 5. Bxc6 Qxc6 6. 0-0 b6 7. Nc3 Bb7 8. d3 f5 9. a4 Ne7 10. Qe2 Ng6 11. Rd1 a6 12. Nb1 Rc8 13. b3 Be7 14. Na3 0-0 15. Nc4 f4 16. Ba3 Qc7 17. d4 Bd5 18. a5 bxa5 19. Nd6 Bxd6 20. exd6 Qxd6 21. c4 Bxf3 1/2-1/2

[Event "POL-chT 2nd League South"]
[Site "Wisla"]
[Date "1998.??.??"]
[Round "?"]
[White "Orzech, Dominik"]
[Black "Bus, Mariusz"]
[Result "1/2-1/2"]
[WhiteElo "2135"]
[BlackElo "2370"]
[PlyCount "65"]
[EventDate "1998.11.20"]
[EventType "team-swiss"]
[EventRounds "10"]
[EventCountry "POL"]
[SourceTitle "EXT 2000"]
[Source "ChessBase"]
[SourceDate "1999.11.16"]
[SourceVersion "1"]
[SourceVersionDate "1999.11.16"]
[SourceQuality "1"]

1. Nf3 g6 2. g3 Bg7 3. Bg2 d6 4. 0-0 e5 5. d4 Nd7 6. c4 Ne7 7. Nc3 0-0 8. e4 c6 9. b3 Qc7 10. Ba3 exd4 11. Nxd4 a6 12. Nde2 c5 13. Bb2 Ne5 14. Qd2 Bg4 15. f3 Be6 16. Rad1 Rad8 17. f4 Bh6 18. h3 f6 19. Qc2 Nd7 20. Kh2 Bf7 21. Rd2 Nb6 22. Nd1 Bg7 23. Ne3 Nc6 24. Rfd1 Qe7 25. Bc3 Kh8 26. Qb2 Bg8 27. g4 Rd7 28. h4 Na8 29. h5 Nc7 30. Nd5 Bxd5 31. exd5 Nd8 32. Ng3 f5 33. Bxg7+ 1/2-1/2

[Event "BL2-Ost 9798"]
[Site "Germany"]
[Date "1998.??.??"]
[Round "4.2"]
[White "Roth, Norbert"]
[Black "Bus, Mariusz"]
[Result "1-0"]
[WhiteElo "2290"]
[BlackElo "2390"]
[PlyCount "92"]
[EventDate "1997.10.??"]
[EventType "team-tourn"]
[EventRounds "9"]
[EventCountry "GER"]
[SourceTitle "EXT 1999"]
[Source "ChessBase"]
[SourceDate "1998.11.16"]
[SourceVersion "1"]
[SourceVersionDate "1998.11.16"]
[SourceQuality "1"]
[WhiteTeam "Nuernberg"]
[BlackTeam "Hof"]
[WhiteTeamCountry "GER"]
[BlackTeamCountry "GER"]

1. Nf3 d5 2. g3 c6 3. Bg2 Bg4 4. 0-0 Nd7 5. d3 Ngf6 6. Nbd2 e6 7. e4 Ne5 8. Qe2 Be7 9. b3 Nfd7 10. Bb2 Bf6 11. d4 Nxf3+ 12. Nxf3 dxe4 13. Qxe4 Bf5 14. Qe2 0-0 15. Rfd1 Qc7 16. c4 Rfe8 17. Rac1 Rad8 18. a3 c5 19. b4 b6 20. dxc5 bxc5 21. Bxf6 gxf6 22. Nh4 Bg6 23. b5 Nb6 24. Bc6 Rxd1+ 25. Rxd1 Rd8 26. Rxd8+ Qxd8 27. Qe3 Qd1+ 28. Kg2 Bd3 29. h3 Bf1+ 30. Kh2 Qd4 31. Qxd4 cxd4 32. c5 Nc4 33. Nf3 d3 34. Nd2 Nxd2 35. b6 axb6 36. cxb6 Be2 37. b7 e5 38. b8Q+ Kg7 39. Ba4 Bf3 40. Qb4 Ne4 41. Kg1 Ng5 42. Bb3 Nxh3+ 43. Kf1 Ng5 44. a4 Be2+ 45. Kg2 e4 46. a5 Nf3 1-0

[Event "BL2-Ost 9798"]
[Site "Germany"]
[Date "1997.??.??"]
[Round "3.1"]
[White "Bus, Mariusz"]
[Black "Slobodjan, Roman"]
[Result "0-1"]
[WhiteElo "2390"]
[BlackElo "2550"]
[PlyCount "60"]
[EventDate "1997.10.??"]
[EventType "team-tourn"]
[EventRounds "9"]
[EventCountry "GER"]
[SourceTitle "EXT 1999"]
[Source "ChessBase"]
[SourceDate "1998.11.16"]
[SourceVersion "1"]
[SourceVersionDate "1998.11.16"]
[SourceQuality "1"]
[WhiteTeam "Hof"]
[BlackTeam "Magdeburg"]
[WhiteTeamCountry "GER"]
[BlackTeamCountry "GER"]

1. e4 e5 2. Nf3 Nc6 3. Bc4 Be7 4. d3 d6 5. Nbd2 Na5 6. Bb5+ c6 7. Ba4 b5 8. Bb3 Nf6 9. 0-0 0-0 10. Re1 Re8 11. Nf1 Qc7 12. Ng3 Bf8 13. Bg5 Nd7 14. Qd2 Nxb3 15. axb3 f6 16. Be3 d5 17. Qc1 a6 18. Nh4 Nc5 19. f4 dxe4 20. fxe5 Nd7 21. exf6 Nxf6 22. Nxe4 Nxe4 23. dxe4 Rxe4 24. Bf2 Rxe1+ 25. Qxe1 c5 26. Rd1 Qc6 27. Nf3 Bb7 28. Bg3 Re8 29. Be5 Qg6 30. Qg3 Bxf3 0-1

[Event "BL2-Ost 9697"]
[Site "Germany"]
[Date "1996.??.??"]
[Round "?.1"]
[White "Becker, Michael"]
[Black "Bus, Mariusz"]
[Result "0-1"]
[WhiteElo "2315"]
[BlackElo "2385"]
[PlyCount "120"]
[EventDate "1996.10.??"]
[EventType "team-tourn"]
[EventRounds "9"]
[EventCountry "GER"]
[SourceTitle "GER-chT2"]
[Source "ChessBase"]
[SourceDate "1999.07.01"]
[SourceVersion "1"]
[SourceVersionDate "1999.07.01"]
[SourceQuality "1"]
[WhiteTeam "Halle"]
[BlackTeam "Hof"]
[WhiteTeamCountry "GER"]
[BlackTeamCountry "GER"]

1. e4 e6 2. d3 d5 3. Qe2 Nf6 4. Nf3 b6 5. e5 Nfd7 6. g3 Bb7 7. Bg2 c5 8. 0-0 Nc6 9. c4 d4 10. Re1 Be7 11. h4 h6 12. Nbd2 Qc7 13. Nf1 0-0-0 14. a3 Rdg8 15. Bd2 g5 16. hxg5 hxg5 17. g4 Rh7 18. Ng3 Rgh8 19. b4 Ncxe5 20. Nxe5 Nxe5 21. Qxe5 Bd6 22. Bxb7+ Qxb7 23. Qe4 Bxg3 24. Qxb7+ Kxb7 25. Bxg5 Bh4 26. Bf4 Rg8 27. Kg2 Rxg4+ 28. Kf3 Rhg7 29. Ra2 Rg1 30. Rxg1 Rxg1 31. bxc5 bxc5 32. Rb2+ Kc6 33. Rb8 Rf1 34. Rc8+ Kb6 35. Rb8+ Kc6 36. Rb2 Be7 37. Bd2 Ra1 38. Rb3 Bd6 39. Ke2 Ra2 40. Kd1 f5 41. Ke1 Ra1+ 42. Ke2 e5 43. f3 Rh1 44. Be1 Rh2+ 45. Kf1 Rc2 46. Rb5 e4 47. fxe4 fxe4 48. dxe4 d3 49. e5 Rc1 50. Kf2 Bxe5 51. Bd2 Bd4+ 52. Kf3 Rc2 53. Bg5 Rxc4 54. Rb8 Rc3 55. Ke4 Rxa3 56. Bd2 Bc3 57. Be3 d2 58. Rb1 Bb4 59. Kf3 Kb5 60. Ke2 Ra2 0-1

[Event "BL2-Ost 9697"]
[Site "Germany"]
[Date "1996.??.??"]
[Round "?.2"]
[White "Bus, Mariusz"]
[Black "Orsag, Milan"]
[Result "1/2-1/2"]
[WhiteElo "2385"]
[BlackElo "2430"]
[PlyCount "89"]
[EventDate "1996.10.??"]
[EventType "team-tourn"]
[EventRounds "9"]
[EventCountry "GER"]
[SourceTitle "GER-chT2"]
[Source "ChessBase"]
[SourceDate "1999.07.01"]
[SourceVersion "1"]
[SourceVersionDate "1999.07.01"]
[SourceQuality "1"]
[WhiteTeam "Hof"]
[BlackTeam "Forchheim"]
[WhiteTeamCountry "GER"]
[BlackTeamCountry "GER"]

1. e4 c5 2. Nf3 e6 3. b3 d6 4. Bb2 Nc6 5. Bb5 Bd7 6. 0-0 Nf6 7. Re1 Be7 8. Bxc6 Bxc6 9. e5 dxe5 10. Nxe5 Rc8 11. d3 0-0 12. Nxc6 Rxc6 13. Nd2 Nd7 14. Qf3 Bf6 15. Bxf6 Qxf6 16. Qxf6 Nxf6 17. a4 Nd5 18. Nc4 Rd8 19. g3 g5 20. Re4 Nb4 21. Rc1 Kg7 22. Na5 Rc7 23. h4 h6 24. hxg5 hxg5 25. Re5 Rd5 26. Nc4 Rxe5 27. Nxe5 f6 28. Nc4 Rd7 29. f3 Kg6 30. Kg2 Rd8 31. Ne3 Rh8 32. Re1 Nc6 33. Nc4 Nd4 34. Rc1 Rd8 35. Ne3 Rd7 36. Rb1 Rc7 37. Rh1 Rc8 38. Kf2 b6 39. f4 gxf4 40. gxf4 Rd8 41. Rg1+ Kf7 42. Rh1 Kg7 43. Rg1+ Kf7 44. Rh1 Kg7 45. Rg1+ 1/2-1/2

[Event "Oberliga Bayern 9596"]
[Site "Bayern"]
[Date "1996.??.??"]
[Round "?"]
[White "Tischer, Guenter"]
[Black "Bus, Mariusz"]
[Result "1/2-1/2"]
[WhiteElo "2306"]
[BlackElo "2380"]
[PlyCount "33"]
[EventDate "1995.10.15"]
[EventType "team-tourn"]
[EventRounds "9"]
[EventCountry "GER"]
[SourceTitle "EXT 2020"]
[Source "ChessBase"]
[SourceDate "2019.10.17"]
[SourceVersion "1"]
[SourceVersionDate "2019.10.17"]
[SourceQuality "1"]
[WhiteTeam "Nuernberg Noris Tarrasch"]
[BlackTeam "Hof SK"]
[WhiteTeamCountry "GER"]
[BlackTeamCountry "GER"]

1. d4 d5 2. c4 c6 3. Nf3 Nf6 4. Nc3 a6 5. e3 b5 6. cxd5 cxd5 7. Bd3 e6 8. 0-0 Be7 9. Ne5 Bb7 10. Ne2 Nbd7 11. f4 Ne4 12. Ng3 0-0 13. Bd2 f5 14. Rc1 Rc8 15. Rxc8 Qxc8 16. Qe2 Nxe5 17. fxe5 1/2-1/2

[Event "POL-chT 51st"]
[Site "Lubniewice"]
[Date "1995.09.??"]
[Round "1"]
[White "Czerwonski, Aleksander"]
[Black "Bus, Mariusz"]
[Result "1/2-1/2"]
[WhiteElo "2360"]
[BlackElo "2380"]
[PlyCount "115"]
[EventDate "1995.09.14"]
[EventType "team-tourn"]
[EventRounds "11"]
[EventCountry "POL"]
[SourceTitle "EXT 2019"]
[Source "ChessBase"]
[SourceDate "2018.10.10"]
[SourceVersion "1"]
[SourceVersionDate "2018.10.10"]
[SourceQuality "1"]
[WhiteTeam "Gorzow Wielkopolski Stilon"]
[BlackTeam "Wroclaw Hetman"]
[WhiteTeamCountry "POL"]
[BlackTeamCountry "POL"]

1. Nf3 d5 2. c4 dxc4 3. Qa4+ Nd7 4. g3 Ngf6 5. Bg2 e6 6. 0-0 c5 7. Qxc4 a6 8. Qc2 Be7 9. d4 0-0 10. Rd1 cxd4 11. Nxd4 Bc5 12. Nc3 Qe7 13. h3 Re8 14. Be3 Ba7 15. Rac1 Nf8 16. Qd2 Ng6 17. Nb3 Bxe3 18. Qxe3 e5 19. Qb6 e4 20. Na5 h5 21. Nc4 h4 22. Nd6 Rf8 23. Ndxe4 Nxe4 24. Nxe4 Bxh3 25. Qc7 Bxg2 26. Qxe7 Nxe7 27. Kxg2 hxg3 28. Rc7 Nc6 29. Nxg3 Rab8 30. Nf5 Rfd8 31. Rxd8+ Nxd8 32. Nd6 Kf8 33. a4 f6 34. e3 b6 35. Nf5 Ne6 36. Re7 Nc5 37. Rxg7 Nxa4 38. Rh7 Kg8 39. Ra7 Nxb2 40. Ne7+ Kf8 41. Nd5 a5 42. Nxf6 Rd8 43. e4 Nd3 44. Nd7+ Ke7 45. Nxb6+ Ke6 46. Nd5 Rg8+ 47. Kf3 Rf8+ 48. Ke3 Nxf2 49. Nf4+ Kd6 50. e5+ Kc6 51. e6 Ng4+ 52. Kf3 Kb6 53. Rg7 Ne5+ 54. Ke4 Nc6 55. Rg1 Re8 56. Rc1 a4 57. Rb1+ Kc5 58. Rc1+ 1/2-1/2

[Event "POL-chT 51st"]
[Site "Lubniewice"]
[Date "1995.09.??"]
[Round "11"]
[White "Dobosz, Henryk"]
[Black "Bus, Mariusz"]
[Result "1/2-1/2"]
[WhiteElo "2420"]
[BlackElo "2380"]
[PlyCount "25"]
[EventDate "1995.09.14"]
[EventType "team-tourn"]
[EventRounds "11"]
[EventCountry "POL"]
[SourceTitle "EXT 2019"]
[Source "ChessBase"]
[SourceDate "2018.10.10"]
[SourceVersion "1"]
[SourceVersionDate "2018.10.10"]
[SourceQuality "1"]
[WhiteTeam "Swietochlowice Slask"]
[BlackTeam "Wroclaw Hetman"]
[WhiteTeamCountry "POL"]
[BlackTeamCountry "POL"]

1. d4 d5 2. c4 dxc4 3. Nf3 Nf6 4. e3 e6 5. Bxc4 c5 6. Nc3 a6 7. a4 Nc6 8. 0-0 Be7 9. d5 exd5 10. Nxd5 Nxd5 11. Bxd5 Nb4 12. Bb3 0-0 13. Qe2 1/2-1/2

[Event "POL-chT 51st"]
[Site "Lubniewice"]
[Date "1995.09.??"]
[Round "3"]
[White "Maciejewski, Miroslaw"]
[Black "Bus, Mariusz"]
[Result "1/2-1/2"]
[WhiteElo "2405"]
[BlackElo "2380"]
[PlyCount "31"]
[EventDate "1995.09.14"]
[EventType "team-tourn"]
[EventRounds "11"]
[EventCountry "POL"]
[SourceTitle "EXT 2019"]
[Source "ChessBase"]
[SourceDate "2018.10.10"]
[SourceVersion "1"]
[SourceVersionDate "2018.10.10"]
[SourceQuality "1"]
[WhiteTeam "Plock PTSz"]
[BlackTeam "Wroclaw Hetman"]
[WhiteTeamCountry "POL"]
[BlackTeamCountry "POL"]

1. e4 e6 2. d3 d5 3. Nd2 Nf6 4. Ngf3 b6 5. g3 Bb7 6. e5 Nfd7 7. Bg2 c5 8. 0-0 Nc6 9. Re1 Qc7 10. Qe2 h6 11. h4 Be7 12. h5 0-0-0 13. c3 Rdg8 14. Nf1 g6 15. hxg6 Rxg6 16. Bf4 1/2-1/2

[Event "Polanica Zdroj op"]
[Site "Polanica Zdroj"]
[Date "1995.??.??"]
[Round "4"]
[White "Bus, Mariusz"]
[Black "Kolendo, Filip"]
[Result "1-0"]
[WhiteElo "2380"]
[BlackElo "2210"]
[PlyCount "73"]
[EventDate "1995.08.??"]
[EventType "swiss"]
[EventRounds "10"]
[EventCountry "POL"]
[SourceTitle "EXT 1997"]
[Source "ChessBase"]
[SourceDate "1996.11.15"]
[SourceVersion "1"]
[SourceVersionDate "1996.11.15"]
[SourceQuality "1"]

1. e4 e6 2. d4 d5 3. exd5 exd5 4. Nf3 Bd6 5. c4 Nf6 6. Nc3 0-0 7. cxd5 Bb4 8. Bg5 Qe8+ 9. Be2 Nxd5 10. Bd2 Nf6 11. 0-0 Bg4 12. Re1 Nbd7 13. Qb3 Bxc3 14. bxc3 Qc8 15. h3 Bh5 16. Ne5 Nxe5 17. dxe5 Bxe2 18. exf6 Re8 19. Be3 Ba6 20. fxg7 c5 21. Qd5 b6 22. Bf4 Qb7 23. Qg5 Qc6 24. Rad1 Bc4 25. a3 Rxe1+ 26. Rxe1 Qg6 27. Qe5 Be6 28. Re3 Qb1+ 29. Kh2 Qc2 30. Qd6 Qg6 31. Qe7 Bd5 32. Bg3 h6 33. Re5 Be6 34. Bh4 Qxg7 35. Re3 Kh7 36. Bf6 Qf8 37. Rxe6 1-0

[Event "Polanica Zdroj op"]
[Site "Polanica Zdroj"]
[Date "1995.??.??"]
[Round "10"]
[White "Bus, Mariusz"]
[Black "Labuckas, Aidas"]
[Result "1-0"]
[WhiteElo "2380"]
[BlackElo "2345"]
[PlyCount "107"]
[EventDate "1995.08.??"]
[EventType "swiss"]
[EventRounds "10"]
[EventCountry "POL"]
[SourceTitle "EXT 1997"]
[Source "ChessBase"]
[SourceDate "1996.11.15"]
[SourceVersion "1"]
[SourceVersionDate "1996.11.15"]
[SourceQuality "1"]

1. e4 c5 2. Nf3 e6 3. d4 cxd4 4. Nxd4 a6 5. Bd3 Nf6 6. 0-0 d6 7. c4 Bd7 8. Nc3 Nc6 9. Nxc6 Bxc6 10. Qe2 Be7 11. Rd1 Qa5 12. Be3 0-0 13. a3 Qh5 14. Qxh5 Nxh5 15. Be2 Nf6 16. f3 Rfc8 17. a4 Be8 18. a5 Nd7 19. Na4 Rc7 20. Nb6 Nxb6 21. Bxb6 Rc6 22. b4 g6 23. Ra2 f5 24. Rad2 Bf7 25. b5 Rcc8 26. e5 d5 27. cxd5 exd5 28. bxa6 bxa6 29. f4 Bc5+ 30. Kf1 Bxb6 31. axb6 Rcb8 32. Rb2 a5 33. Rc1 Rb7 34. Rc7 Rab8 35. Rxb7 Rxb7 36. Ba6 Rb8 37. b7 a4 38. Rc2 Be6 39. Ke1 Kf8 40. Kd2 a3 41. Ra2 d4 42. Rxa3 Bd5 43. g3 Ke7 44. Ra5 Bc6 45. Rc5 Kd7 46. Bb5 Bxb5 47. Rxb5 Kc6 48. Rb2 Kd5 49. Kd3 h6 50. h4 Kc5 51. e6 Kd6 52. Kxd4 Kxe6 53. Kc5 Kd7 54. Kb6 1-0

[Event "Oberliga Bayern 9495"]
[Site "Bayern"]
[Date "1995.??.??"]
[Round "?.2"]
[White "Bus, Mariusz"]
[Black "Mischustov, Michael"]
[Result "1/2-1/2"]
[WhiteElo "2385"]
[BlackElo "2370"]
[PlyCount "36"]
[EventDate "1994.10.09"]
[EventType "team-tourn"]
[EventRounds "9"]
[EventCountry "GER"]
[SourceTitle "EXT 2020"]
[Source "ChessBase"]
[SourceDate "2019.10.17"]
[SourceVersion "1"]
[SourceVersionDate "2019.10.17"]
[SourceQuality "1"]
[WhiteTeam "Hof SK"]
[BlackTeam "Nuernberg Noris Tarrasch"]
[WhiteTeamCountry "GER"]
[BlackTeamCountry "GER"]

1. e4 e6 2. d4 d5 3. exd5 exd5 4. Nf3 Bd6 5. c4 Nf6 6. c5 Be7 7. Bd3 b6 8. cxb6 axb6 9. 0-0 0-0 10. b3 Bg4 11. Nbd2 Bd6 12. Bb2 Re8 13. Qc2 Nbd7 14. a4 c5 15. Rfe1 Rxe1+ 16. Rxe1 Rc8 17. Bf5 cxd4 18. Qb1 Bb4 1/2-1/2

[Event "Polanica Zdroj op"]
[Site "Polanica Zdroj"]
[Date "1995.??.??"]
[Round "6"]
[White "Bus, Mariusz"]
[Black "Socko, Bartosz"]
[Result "1/2-1/2"]
[WhiteElo "2380"]
[BlackElo "2485"]
[PlyCount "130"]
[EventDate "1995.08.??"]
[EventType "swiss"]
[EventRounds "10"]
[EventCountry "POL"]
[SourceTitle "EXT 1997"]
[Source "ChessBase"]
[SourceDate "1996.11.15"]
[SourceVersion "1"]
[SourceVersionDate "1996.11.15"]
[SourceQuality "1"]

1. e4 e6 2. d4 d5 3. exd5 exd5 4. Nf3 Bd6 5. c4 Nf6 6. Nc3 dxc4 7. Bxc4 0-0 8. 0-0 Bg4 9. h3 Bh5 10. g4 Bg6 11. Ne5 c5 12. Nxg6 hxg6 13. dxc5 Bxc5 14. Qxd8 Rxd8 15. Be3 Nbd7 16. Bxc5 Nxc5 17. Rfd1 Kf8 18. f3 g5 19. Kf2 Rac8 20. Rxd8+ Rxd8 21. Rd1 Rc8 22. Bf1 Ne6 23. Kg3 Ke7 24. Nb5 Rc2 25. Nxa7 Ne8 26. Nb5 Rxb2 27. Nc3 g6 28. h4 gxh4+ 29. Kxh4 g5+ 30. Kg3 Nf6 31. Rb1 Rxb1 32. Nxb1 Nf4 33. Nc3 N6d5 34. Nxd5+ Nxd5 35. Bc4 Kd6 36. f4 Nxf4 37. Bxf7 Kc5 38. Kf3 Kd4 39. Be8 b6 40. a4 Nd3 41. Ke2 Ne5 42. Bh5 Nd7 43. Bg6 Nc5 44. Be8 Ne4 45. Bc6 Nf6 46. Kf3 Ng8 47. Be8 Ne7 48. Ke2 Nd5 49. Kf3 Kc5 50. Bb5 Nc3 51. Be8 Nd5 52. Bb5 Nf6 53. Kg3 Kd4 54. Kf3 Kd5 55. Be2 Nd7 56. Ke3 Ne5 57. Kd2 Kd4 58. Kc2 Ke3 59. Bd1 Kd4 60. Kb3 Nd3 61. Bc2 Ne5 62. Bf5 Nc6 63. Bd7 Ne5 64. Bf5 Kc5 65. Kc3 Nc4 1/2-1/2